Estadísticas para Islas Canarias

Haz click aquí para intentar la prueba.

Estadísticas generales

  • Esta prueba ha sido intentada 3.059 veces
  • La puntuación promedio es 6 de 7

Respuestas en el mapa

Las respuestas están codificadas por una escala verde-roja en el mapa de la prueba según el % correcto abajo.
 

Estadísticas de respuestas

km2Isla% Correcto
2 034Tenerife
96%
1 560Gran Canaria
94%
269El Hierro
84%
708La Palma
83%
370La Gomera
81%
846Lanzarote
79%
1 660Fuerteventura
78%

Distribución de puntuación

Porcentaje por número respondido

Porcentaje de gente con cada puntuación

Historial de tus puntuaciones

No has intentado esta prueba.